[Event "Rapid"]
[Site "Beer Sheva ISR"]
[Date "2004.04.18"]
[Round "2"]
[White "Golod,V"]
[Black "Roiz,M"]
[Result "1/2-1/2"]
[WhiteElo "2552"]
[BlackElo "2563"]
[EventDate "2004.04.18"]

1. d4 Nf6 2. c4 g6 3. Nc3 d5 4. Bf4 Bg7 5. e3 c6 6. Nf3 O-O 7. h3 Ne4 8.
Rc1 Nxc3 9. bxc3 Be6 10. Qb3 Qc8 11. Be2 dxc4 12. Bxc4 Bxc4 13. Qxc4 Nd7
14. O-O c5 15. a4 e6 16. a5 Qc6 17. Rb1 b6 18. Rfd1 Rfc8 19. axb6 Nxb6 20.
Qd3 Nd5 21. Be5 cxd4 22. cxd4 a5 23. Bxg7 Kxg7 24. e4 Nb4 25. Qe3 Qd6 26.
Rdc1 Rxc1+ 27. Rxc1 Ra7 28. d5 Rc7 29. Rxc7 Qxc7 30. Qd4+ f6 31. dxe6 Qc1+
32. Kh2 Qf4+ 33. Kh1 Qc1+ 34. Ng1 Qc7 35. f4 Qe7 36. f5 Nc6 37. Qd5 Qc7 38.
Qb5 Ne5 39. Qe8 Nc6 40. Nf3 1/2-1/2

[Event "Rapid"]
[Site "Beer Sheva ISR"]
[Date "2004.04.18"]
[Round "2"]
[White "Khmelniker,I"]
[Black "Erenburg,S"]
[Result "1/2-1/2"]
[WhiteElo "2458"]
[BlackElo "2513"]
[EventDate "2004.04.18"]

1. d4 d5 2. c4 c6 3. Nf3 Nf6 4. e3 Bf5 5. Nc3 e6 6. Nh4 Bg6 7. Nxg6 hxg6 8.
g3 Nbd7 9. Bg2 Be7 10. O-O dxc4 11. Qe2 O-O 12. Rd1 Qc7 13. Qxc4 e5 14. Qe2
exd4 15. Rxd4 Nc5 16. b3 Ne6 17. Rd1 Qa5 18. Bd2 Qc7 19. Rac1 a6 20. Nd5
Nxd5 21. Bxd5 Nc5 22. Bg2 Rfd8 23. Bc3 Rxd1+ 24. Rxd1 Rd8 25. Rxd8+ Qxd8
26. Qd2 Qc7 27. Qd4 Ne6 28. Qe5 Qd8 29. Qe4 Bf6 30. Bxf6 Qxf6 31. Qc2 Qe5
32. Kf1 Kf8 33. Qd2 Ke8 34. Ke2 Nc7 35. Qd4 Qxd4 36. exd4 Ke7 37. Kd3 Kd6
38. Bh3 Nd5 39. a3 a5 40. Bg2 Nb6 41. Bf3 a4 42. Bd1 axb3 43. Bxb3 f6
1/2-1/2

[Event "Rapid"]
[Site "Beer Sheva ISR"]
[Date "2004.04.18"]
[Round "3"]
[White "Vydeslaver,Ali"]
[Black "Golod,V"]
[Result "1/2-1/2"]
[WhiteElo "2448"]
[BlackElo "2552"]
[EventDate "2004.04.18"]

1. e4 e5 2. Nf3 Nc6 3. Bb5 a6 4. Ba4 Nf6 5. d3 d6 6. c4 Bd7 7. Nc3 g6 8. d4
exd4 9. Nxd4 Bg7 10. Nxc6 Bxc6 11. Bxc6+ bxc6 12. O-O O-O 13. Bg5 h6 14.
Bh4 Qb8 15. Qc2 Qb4 16. b3 Rfe8 17. Rac1 Ng4 18. h3 Nf6 19. Rfe1 Re6 20. f4
Rae8 21. f5 gxf5 22. exf5 Rxe1+ 23. Bxe1 d5 24. Ne4 Qe7 25. Nxf6+ Qxf6 26.
Bf2 dxc4 1/2-1/2

[Event "Rapid"]
[Site "Beer Sheva ISR"]
[Date "2004.04.18"]
[Round "3"]
[White "Roiz,M"]
[Black "Huzman,A"]
[Result "1/2-1/2"]
[WhiteElo "2563"]
[BlackElo "2589"]
[EventDate "2004.04.18"]

1. e4 e6 2. d4 d5 3. e5 c5 4. c3 Qb6 5. Nf3 Bd7 6. Nbd2 Nc6 7. Nb3 cxd4 8.
Nbxd4 Nge7 9. Bd3 Nxd4 10. Nxd4 Nc6 11. Nf3 d4 12. Qe2 dxc3 13. bxc3 Be7
14. O-O O-O 15. h4 Rad8 16. Ng5 g6 17. h5 Be8 18. Nf3 Qc7 19. Rb1 Kh8 20.
Re1 b6 21. Bh6 Rg8 22. hxg6 fxg6 23. Ng5 Qxe5 24. Nxe6 Qxe2 25. Bxe2 Rd6
26. Bc4 g5 27. Bxg5 Bxg5 28. Nxg5 Rxg5 29. Rxe8+ Kg7 30. Bb3 Rc5 31. Re3
Ne5 32. Rbe1 Ng6 33. g3 Rdc6 34. Rd1 Rc7 35. Rd8 Kh6 36. Rdd3 Kg7 37. f4 h5
38. Be6 h4 39. c4 hxg3 40. Rxg3 Kf6 41. f5 Nf4 42. Rde3 1/2-1/2

[Event "Rapid"]
[Site "Beer Sheva ISR"]
[Date "2004.04.19"]
[Round "5"]
[White "Golod,V"]
[Black "Huzman,A"]
[Result "1/2-1/2"]
[WhiteElo "2552"]
[BlackElo "2589"]
[EventDate "2004.04.18"]

1. d4 d5 2. c4 c6 3. Nf3 Bg4 4. e3 e6 5. Nc3 Nf6 6. h3 Bxf3 7. Qxf3 Nbd7 8.
Bd2 g6 9. Qd1 Bg7 10. Qb3 Qb6 11. Be2 O-O 12. O-O Rfe8 13. Rfd1 Bf8 14.
Rac1 1/2-1/2

[Event "Rapid"]
[Site "Beer Sheva ISR"]
[Date "2004.04.20"]
[Round "7"]
[White "Erenburg,S"]
[Black "Korchnoi,V"]
[Result "0-1"]
[WhiteElo "2513"]
[BlackElo "2579"]
[EventDate "2004.04.18"]

1. e4 e6 2. d4 d5 3. e5 c5 4. c3 Qb6 5. Nf3 Nc6 6. a3 Nh6 7. b4 cxd4 8.
cxd4 Nf5 9. Bb2 a5 10. b5 a4 11. Ra2 Nce7 12. Nc3 Qa5 13. Bd3 Bd7 14. O-O
Nc8 15. Qe2 Nb6 16. Rc1 Be7 17. g4 Nh6 18. Ne1 Bg5 19. Rc2 Rc8 20. Ng2 O-O
21. f4 Be7 22. Ne3 Kh8 23. Ba1 Nc4 24. Nxc4 dxc4 25. Be4 f5 26. Bxb7 Rb8
27. Ba6 fxg4 28. Qxc4 Rxf4 29. Rf2 Rf5 30. d5 Qb6 31. Nxa4 Qe3 32. Rae2
exd5 33. Qc7 Qxa3 34. Qxb8+ Ng8 35. Rxf5 Bxf5 36. Bb2 Qxa4 37. b6 Bc5+ 38.
Kg2 Qxa6 39. Rf2 Be4+ 40. Kg3 Qd3+ 0-1

[Event "Rapid"]
[Site "Beer Sheva ISR"]
[Date "2004.04.20"]
[Round "7"]
[White "Huzman,A"]
[Black "Khmelniker,I"]
[Result "1/2-1/2"]
[WhiteElo "2589"]
[BlackElo "2458"]
[EventDate "2004.04.18"]

1. c4 Nf6 2. g3 e6 3. Nf3 d5 4. b3 Be7 5. Bg2 O-O 6. O-O b6 7. Bb2 Bb7 8.
e3 c5 9. Nc3 Nc6 10. cxd5 exd5 11. d4 Rc8 12. Bh3 Ra8 13. Rc1 Ne4 14. dxc5
Nxc3 15. Bxc3 bxc5 16. Ne5 Nxe5 17. Bxe5 d4 18. exd4 Qd5 19. f3 Rfd8 20.
Qe1 cxd4 21. Bc7 Re8 22. Qa5 Qxa5 23. Bxa5 Bd8 24. Bc7 d3 25. Rfd1 Bxf3 26.
Rxd3 Be4 27. Rxd8 Rexd8 28. Bxd8 Rxd8 29. Kf2 f5 30. Ke1 Rd7 31. Bf1 Kf7
32. b4 Kf6 33. Rc5 Bf3 34. Kf2 Be4 35. Ke3 Rd1 36. Be2 Rb1 37. Ra5 1/2-1/2

[Event "Rapid"]
[Site "Beer Sheva ISR"]
[Date "2004.04.20"]
[Round "8"]
[White "Tyomkin,D"]
[Black "Vydeslaver,Ali"]
[Result "0-1"]
[WhiteElo "2503"]
[BlackElo "2448"]
[EventDate "2004.04.18"]

1. e4 e6 2. d4 d5 3. Nd2 c5 4. Ngf3 Nc6 5. Bb5 a6 6. exd5 axb5 7. dxc6 bxc6
8. dxc5 Bxc5 9. O-O Nf6 10. Qe2 O-O 11. Rd1 Qc7 12. Ne4 Be7 13. Bg5 Nxe4
14. Bxe7 Qxe7 15. Qxe4 Bb7 16. Ne5 c5 17. Qe3 Rfd8 18. h3 h6 19. a3 Rd5 20.
Rxd5 Bxd5 21. Nd3 Rc8 22. c3 Qb7 23. Nf4 Bb3 24. Re1 Qc6 25. Qg3 Qd6 26.
Qg4 Qd2 27. Re3 Rd8 28. Nh5 Qd1+ 29. Qxd1 Rxd1+ 30. Kh2 Rd2 31. Rg3 g6 32.
Nf6+ Kg7 33. Ne4 Rxb2 34. Nxc5 Bd5 35. Nd3 Rb3 36. Nb4 Rxa3 37. Re3 Kf6 38.
g4 Rb3 39. h4 Rb2 40. Kg3 Rd2 41. Nd3 Rd1 42. f3 g5 43. Ne5 Rd2 44. hxg5+
hxg5 45. Nd7+ Ke7 46. Ne5 f6 47. Nd3 Kd6 48. f4 Bc4 49. Nb4 gxf4+ 50. Kxf4
e5+ 51. Kf5 Rf2+ 52. Kg6 Ke7 53. Nc6+ Kf8 54. Rh3 Bf7+ 55. Kh6 Rg2 56. Na7
Rxg4 57. Nxb5 Rg8 58. Kh7 Bg6+ 59. Kh6 Kf7 60. Nd6+ Ke6 61. Rf3 Kxd6 62. c4
Ke6 0-1

[Event "Rapid"]
[Site "Beer Sheva ISR"]
[Date "2004.04.21"]
[Round "10"]
[White "Korchnoi,V"]
[Black "Tseitlin,Ma"]
[Result "1-0"]
[WhiteElo "2579"]
[BlackElo "2455"]
[EventDate "2004.04.18"]

1. Nf3 Nf6 2. c4 g6 3. Nc3 d5 4. Qa4+ Bd7 5. Qb3 dxc4 6. Qxc4 a6 7. e4 b5
8. Qe2 c5 9. e5 Nh5 10. Qe3 Bc6 11. Be2 Qb6 12. d4 cxd4 13. Nxd4 Bxg2 14.
Rg1 Bb7 15. Bxh5 gxh5 16. e6 fxe6 17. Qe5 Nd7 18. Qxh8 O-O-O 19. Be3 Qd6
20. O-O-O b4 21. Ndb5 Qxh2 22. Na7+ Kb8 23. Qd4 bxc3 24. Bf4+ Qxf4+ 25.
Qxf4+ Kxa7 26. Rxd7 cxb2+ 27. Kxb2 1-0

[Event "Rapid"]
[Site "Beer Sheva ISR"]
[Date "2004.04.21"]
[Round "10"]
[White "Dvoirys,S"]
[Black "Golod,V"]
[Result "1/2-1/2"]
[WhiteElo "2612"]
[BlackElo "2552"]
[EventDate "2004.04.18"]

1. e4 e5 2. Nf3 Nc6 3. Bb5 a6 4. Ba4 Nf6 5. O-O Be7 6. Re1 b5 7. Bb3 d6 8.
c3 O-O 9. d3 Na5 10. Bc2 c5 11. Nbd2 Re8 12. Nf1 Bf8 13. Ng3 h6 14. h3 Bd7
15. d4 cxd4 16. cxd4 Nc6 17. Be3 Rc8 18. Rc1 d5 19. Nxe5 Nxe5 20. dxe5 Nxe4
21. Nxe4 dxe4 22. Bxe4 Rxe5 23. Qd4 Qe7 24. Bb1 Bc6 25. Rcd1 Re8 1/2-1/2

[Event "Rapid"]
[Site "Beer Sheva ISR"]
[Date "2004.04.21"]
[Round "10"]
[White "Tyomkin,D"]
[Black "Huzman,A"]
[Result "1-0"]
[WhiteElo "2503"]
[BlackElo "2589"]
[EventDate "2004.04.18"]

1. e4 g6 2. d4 Bg7 3. Nf3 c5 4. d5 d6 5. Nc3 Nf6 6. Bb5+ Bd7 7. a4 O-O 8.
h3 Na6 9. O-O Nb4 10. Re1 Ne8 11. Bg5 Bxb5 12. axb5 Nc7 13. Qe2 Qd7 14.
Rad1 Rfe8 15. Rd2 e6 16. dxe6 Rxe6 17. Qc4 Rae8 18. Qxc5 Nxc2 19. Rc1 Nd4
20. Rxd4 Bxd4 21. Qxd4 Nxb5 22. Nxb5 Qxb5 23. Bh6 f6 24. Rc7 Qb6 25. Rg7+
Kh8 26. Ng5 R8e7 27. Nf7+ 1-0

[Event "Rapid"]
[Site "Beer Sheva ISR"]
[Date "2004.04.21"]
[Round "10"]
[White "Erenburg,S"]
[Black "Vydeslaver,Ali"]
[Result "1-0"]
[WhiteElo "2513"]
[BlackElo "2448"]
[EventDate "2004.04.18"]

1. e4 e5 2. Nf3 Nc6 3. Bc4 Nf6 4. d3 Be7 5. O-O O-O 6. Re1 d6 7. a4 Nd4 8.
Nxd4 exd4 9. c3 dxc3 10. Nxc3 Be6 11. Qb3 Bxc4 12. dxc4 Qd7 13. Bf4 Nh5 14.
Be3 c6 15. Rad1 Qc7 16. Rd2 b6 17. Red1 Rfd8 18. Qc2 Nf6 19. f3 Nd7 20. b4
Ne5 21. Qb3 Bf8 22. Rc2 Rac8 23. Rcc1 Qe7 24. Ne2 g6 25. b5 Bg7 26. Nd4 c5
27. Ne2 f5 28. Nc3 Rf8 29. Nd5 Qe6 30. exf5 Rxf5 31. Re1 Qf7 32. Bf2 Rf8
33. Bg3 Kh8 34. Rcd1 h5 35. Ne3 Rg5 36. f4 h4 37. fxg5 hxg3 38. Rf1 Qe7 39.
Nd5 Qxg5 40. Rxf8+ Bxf8 41. Qxg3 Qxg3 42. hxg3 Nxc4 43. Rf1 Kg7 44. Rf6 Nb2
45. Rf2 Nd3 46. Ra2 Nb4 47. Nxb4 cxb4 48. Kf2 Kf7 49. Rb2 d5 50. Ke3 Ke6
51. Kd3 Bd6 52. g4 g5 53. Rb1 Be7 54. Rc1 Bc5 55. a5 Kd6 56. a6 d4 57. Kc4
Kd7 58. Rh1 1-0